| 000 | 00613nam a2200181Ia 4500 | ||
|---|---|---|---|
| 008 | 100920s9999 xx 000 0 und d | ||
| 082 |
_b50427 _a891.464 थ 86 |
||
| 100 | _aकर्णिक मधुमंगेश. | ||
| 245 | _aजिवाभावाचा गोवा. | ||
| 260 |
_bप्रतिमा प्रकाशन, पुणे. _c1986 |
||
| 300 |
_a154 _bसाधी |
||
| 365 | _b45 | ||
| 520 | _aनिबंध. | ||
| 630 | _aजिवाभावाचा गोवा. | ||
| 650 | _aनिबंध. | ||
| 730 | _aजिवाभावाचा गोवा. | ||
| 942 | _cBOOK | ||
| 999 |
_c696705 _d696702 |
||